[Event "Lugano op 23rd"]
[Site "Lugano"]
[Date "2024.11.03"]
[Round "5"]
[White "Pisciotta, Lucas L"]
[Black "Boschetti, Claudio"]
[Result "0-1"]
[WhiteElo "1508"]
[BlackElo "2057"]
[PlyCount "58"]
[EventDate "2024.11.01"]
[EventType "swiss"]
[EventRounds "5"]
[EventCountry "SUI"]
[SourceTitle "CB45_2024"]
[Source "ChessBase"]
[SourceDate "2024.11.06"]
[SourceVersion "1"]
[SourceVersionDate "2024.11.06"]
[SourceQuality "1"]

1. d4 Nf6 2. Bf4 d6 3. e3 c6 4. Nd2 Nbd7 5. Ngf3 g6 6. h3 Bg7 7. Be2 0-0 8. c3 Re8 9. 0-0 b6 10. a4 a6 11. Qc2 Bb7 12. b4 Rc8 13. Rfb1 b5 14. axb5 cxb5 15. Qb3 e5 16. dxe5 dxe5 17. Bg3 e4 18. Nd4 Nb6 19. Rd1 Qe7 20. Rac1 Bd5 21. c4 bxc4 22. Bxc4 Nxc4 23. Nxc4 Qb7 24. Ne2 Qb5 25. Rd4 Nh5 26. Rxd5 Qxd5 27. Nf4 Nxf4 28. Bxf4 Rc6 29. Qa4 Rec8 0-1

[Event "Lugano op 23rd"]
[Site "Lugano"]
[Date "2024.11.02"]
[Round "3"]
[White "Steiner, Remo"]
[Black "Boschetti, Claudio"]
[Result "0-1"]
[WhiteElo "1684"]
[BlackElo "2057"]
[PlyCount "90"]
[EventDate "2024.11.01"]
[EventType "swiss"]
[EventRounds "5"]
[EventCountry "SUI"]
[SourceTitle "CB45_2024"]
[Source "ChessBase"]
[SourceDate "2024.11.06"]
[SourceVersion "1"]
[SourceVersionDate "2024.11.06"]
[SourceQuality "1"]

1. e4 e5 2. Nf3 Nc6 3. Bc4 Nf6 4. Ng5 d5 5. exd5 Nd4 6. c3 b5 7. Bf1 Nxd5 8. cxd4 Qxg5 9. Bxb5+ Kd8 10. 0-0 Nf4 11. Qf3 Rb8 12. Bc4 exd4 13. d3 Bd6 14. Nd2 Qe5 15. Kh1 Ne2 16. g3 Nxc1 17. Bd5 Rb5 18. Bc6 Nxd3 19. Qxd3 Ba6 20. Bxb5 Bxb5 21. Qf3 Bxf1 22. Rxf1 Ke7 23. Nc4 Qe6 24. Nxd6 Kxd6 25. Qa3+ Kd7 26. Qa4+ Qc6+ 27. Qxc6+ Kxc6 28. Rc1+ Kd6 29. Kg2 c5 30. b4 Rc8 31. Kf3 Kd5 32. bxc5 Rxc5 33. Rxc5+ Kxc5 34. Ke2 Kc4 35. Kd2 a5 36. h4 a4 37. Kc2 h5 38. f3 f5 39. Kd2 g6 40. Kc2 a3 41. Kd2 d3 42. Kc1 Kc3 43. Kd1 Kb2 44. Kd2 Kxa2 45. Kxd3 Kb1 0-1

[Event "Lugano op 23rd"]
[Site "Lugano"]
[Date "2024.11.01"]
[Round "1"]
[White "Camponovo, Daniele"]
[Black "Boschetti, Claudio"]
[Result "0-1"]
[WhiteElo "1600"]
[BlackElo "2057"]
[PlyCount "72"]
[EventDate "2024.11.01"]
[EventType "swiss"]
[EventRounds "5"]
[EventCountry "SUI"]
[SourceTitle "CB45_2024"]
[Source "ChessBase"]
[SourceDate "2024.11.06"]
[SourceVersion "1"]
[SourceVersionDate "2024.11.06"]
[SourceQuality "1"]

1. e4 e5 2. d4 exd4 3. Qxd4 Nc6 4. Qe3 Nf6 5. Nc3 Bb4 6. Bd2 d6 7. 0-0-0 0-0 8. Bd3 Re8 9. f4 Bc5 10. Qe1 a6 11. Nf3 Ng4 12. Rf1 b5 13. h3 Nf6 14. g4 Nb4 15. Rh1 Nxd3+ 16. cxd3 Bb7 17. g5 Nd7 18. h4 b4 19. Na4 a5 20. f5 d5 21. e5 d4 22. Qf2 Bxf3 23. Qxf3 Nxe5 24. Qg3 Qd5 25. Kb1 b3 26. a3 Bd6 27. f6 Qb5 28. Nc3 dxc3 29. Bxc3 Qc6 30. h5 Nc4 31. Qf2 Nxa3+ 32. Ka1 Nb5 33. g6 Nxc3 34. gxf7+ Kxf7 35. fxg7+ Kg8 36. Rc1 Qa4# 0-1

[Event "Wohlen op 5th"]
[Site "Wohlen"]
[Date "2024.08.17"]
[Round "3"]
[White "Lehmann, Xeno"]
[Black "Boschetti, Claudio"]
[Result "0-1"]
[WhiteElo "1705"]
[BlackElo "2090"]
[PlyCount "66"]
[EventDate "2024.08.16"]
[EventType "swiss"]
[EventRounds "5"]
[EventCountry "SUI"]
[SourceTitle "EXT 2025"]
[Source "ChessBase"]
[SourceDate "2024.10.14"]
[SourceVersion "1"]
[SourceVersionDate "2024.10.14"]
[SourceQuality "1"]

1. d4 e5 2. dxe5 d6 3. e4 Nc6 4. Nc3 Nxe5 5. Be2 Nf6 6. Nf3 Be7 7. Nxe5 dxe5 8. Qxd8+ Bxd8 9. Be3 c6 10. h3 Ba5 11. Bd3 Be6 12. a3 Nd7 13. b4 Bb6 14. Bxb6 axb6 15. 0-0 Ke7 16. a4 Ra7 17. f4 exf4 18. Rxf4 Ne5 19. Rd1 h5 20. Be2 Raa8 21. Rff1 g5 22. Rd2 h4 23. Rfd1 Rhg8 24. Kh2 g4 25. hxg4 Nxg4+ 26. Bxg4 Rxg4 27. Rg1 Rag8 28. Re2 Rg3 29. Nd5+ Kd6 30. Nf6 R8g5 31. e5+ Ke7 32. Ne4 Rxe5 33. Nxg3 hxg3+ 0-1

[Event "Wohlen op 5th"]
[Site "Wohlen"]
[Date "2024.08.16"]
[Round "1"]
[White "Rahimi, Hamid"]
[Black "Boschetti, Claudio"]
[Result "0-1"]
[WhiteElo "1740"]
[BlackElo "2090"]
[PlyCount "88"]
[EventDate "2024.08.16"]
[EventType "swiss"]
[EventRounds "5"]
[EventCountry "SUI"]
[SourceTitle "EXT 2025"]
[Source "ChessBase"]
[SourceDate "2024.10.14"]
[SourceVersion "1"]
[SourceVersionDate "2024.10.14"]
[SourceQuality "1"]

1. d4 Nf6 2. Nf3 c5 3. e3 e6 4. c4 b6 5. Nc3 d6 6. Be2 Be7 7. 0-0 0-0 8. b3 Nbd7 9. Nd2 a6 10. Bf3 Rb8 11. Bb2 Qc7 12. d5 e5 13. e4 Ne8 14. Ne2 g6 15. Ng3 Ng7 16. Qc2 h5 17. Bd1 Bg5 18. Bc1 Qd8 19. Nf3 Bf4 20. Bxf4 exf4 21. Ne2 g5 22. Nc3 g4 23. Ne1 f5 24. Nd3 fxe4 25. Nxe4 Ne5 26. Nxe5 dxe5 27. Qc3 Re8 28. Bc2 Nf5 29. Rfe1 Nd4 30. Nd2 Qg5 31. Be4 f3 32. Qe3 Qg7 33. Kh1 fxg2+ 34. Kxg2 Rb7 35. Kh1 Rf7 36. Rg1 Rf4 37. f3 Ref8 38. fxg4 hxg4 39. Rg3 R8f6 40. Rag1 Kf8 41. Nb1 Rh6 42. Nc3 Qf6 43. Ne2 Nxe2 44. Qxe2 Rf2 0-1

[Event "Davos op"]
[Site "Davos"]
[Date "2024.06.16"]
[Round "4"]
[White "Zaitsev, Kyrilo"]
[Black "Boschetti, Claudio"]
[Result "1-0"]
[WhiteElo "2225"]
[BlackElo "2074"]
[PlyCount "75"]
[EventDate "2024.06.14"]
[EventType "swiss"]
[EventRounds "5"]
[EventCountry "SUI"]
[SourceTitle "EXT 2025"]
[Source "ChessBase"]
[SourceDate "2024.10.14"]
[SourceVersion "1"]
[SourceVersionDate "2024.10.14"]
[SourceQuality "1"]

1. c4 Nf6 2. Nc3 e6 3. Nf3 d5 4. e3 c6 5. a3 Bd6 6. d4 Nbd7 7. b4 0-0 8. Bb2 dxc4 9. Bxc4 e5 10. Bb3 Qe7 11. h3 h6 12. Qb1 a5 13. b5 exd4 14. Nxd4 Nc5 15. Bc4 Be5 16. 0-0 Bc7 17. Nf5 Qe5 18. Ng3 Qg5 19. Nce2 cxb5 20. f4 Qh4 21. Bxb5 Ne8 22. Bd4 Ne6 23. Nf5 Qd8 24. Bc3 Nc5 25. Rd1 Bxf5 26. Rxd8 Bxb1 27. Rxa8 Bd3 28. Bxd3 Nxd3 29. Bd4 b6 30. Rd1 Nc5 31. Bxc5 bxc5 32. Rd7 Bb6 33. Rb8 Nf6 34. Rdb7 Bd8 35. Nc3 Be7 36. Rxf8+ Kxf8 37. Rb8+ Ne8 38. Nb5 1-0

[Event "Davos op"]
[Site "Davos"]
[Date "2024.06.15"]
[Round "3"]
[White "Boschetti, Claudio"]
[Black "Schwab, Felix"]
[Result "1-0"]
[WhiteElo "2074"]
[BlackElo "1981"]
[PlyCount "67"]
[EventDate "2024.06.14"]
[EventType "swiss"]
[EventRounds "5"]
[EventCountry "SUI"]
[SourceTitle "EXT 2025"]
[Source "ChessBase"]
[SourceDate "2024.10.14"]
[SourceVersion "1"]
[SourceVersionDate "2024.10.14"]
[SourceQuality "1"]

1. e4 c5 2. Nf3 e6 3. c3 Nf6 4. e5 Nd5 5. a3 Nc6 6. d4 cxd4 7. cxd4 Qa5+ 8. Nbd2 d6 9. exd6 Bxd6 10. Bc4 0-0 11. 0-0 Nf6 12. Bd3 Qh5 13. Nc4 Bc7 14. h3 Rd8 15. Be3 Bd7 16. Rc1 Rac8 17. b4 Nd5 18. b5 Nce7 19. Nce5 Nxe3 20. fxe3 Be8 21. Qb3 Qh6 22. Ng4 Qh5 23. Rc5 Rd5 24. Rfc1 Rxc5 25. Rxc5 Nd5 26. Be4 b6 27. Rc2 f5 28. Bxd5 fxg4 29. Bxe6+ Bf7 30. Ne5 Qh4 31. Bxf7+ Kh8 32. Rc1 gxh3 33. Qe6 h2+ 34. Kh1 1-0

[Event "San Bernardino op"]
[Site "San Bernardino"]
[Date "2024.06.08"]
[Round "2"]
[White "Kezic, Andreas"]
[Black "Boschetti, Claudio"]
[Result "0-1"]
[WhiteElo "1910"]
[BlackElo "2074"]
[PlyCount "34"]
[EventDate "2024.06.08"]
[EventType "swiss"]
[EventRounds "5"]
[EventCountry "SUI"]
[SourceTitle "EXT 2025"]
[Source "ChessBase"]
[SourceDate "2024.10.14"]
[SourceVersion "1"]
[SourceVersionDate "2024.10.14"]
[SourceQuality "1"]

1. e4 e5 2. Nf3 Nc6 3. Bc4 Nf6 4. Ng5 d5 5. exd5 Nd4 6. c3 b5 7. Bf1 Nxd5 8. cxd4 Qxg5 9. Bxb5+ Kd8 10. 0-0 Nf4 11. Bc6 Rb8 12. d3 exd4 13. Qf3 Bd6 14. Na3 Bg4 15. Qe4 Ne2+ 16. Kh1 Qh5 17. g3 Rb6 0-1

[Event "Lesa op"]
[Site "Lesa"]
[Date "2024.05.05"]
[Round "5"]
[White "Boschetti, Claudio"]
[Black "D'Agostino, Maurizio"]
[Result "1-0"]
[WhiteElo "2057"]
[BlackElo "1821"]
[PlyCount "109"]
[EventDate "2024.05.03"]
[EventType "swiss"]
[EventRounds "5"]
[EventCountry "SUI"]
[SourceTitle "CBM 220 Extra"]
[Source "ChessBase"]
[SourceDate "2024.07.31"]
[SourceVersion "1"]
[SourceVersionDate "2024.07.31"]
[SourceQuality "1"]

1. e4 c5 2. Nf3 Nc6 3. c3 d5 4. exd5 Qxd5 5. d4 e5 6. dxe5 Qxd1+ 7. Kxd1 Bg4 8. Bf4 0-0-0+ 9. Kc1 Nge7 10. Nbd2 Ng6 11. Bg5 Re8 12. Bb5 Bd7 13. e6 fxe6 14. Be3 a6 15. Bd3 Nge5 16. Nxe5 Nxe5 17. Be2 Bc6 18. Rg1 Bd6 19. f4 Nd7 20. a4 b6 21. Bxa6+ Kc7 22. Bb5 g5 23. fxg5 Bxh2 24. Rh1 Be5 25. Bxc6 Kxc6 26. Kc2 Reg8 27. Rh6 Rg6 28. Rah1 Rxh6 29. Rxh6 Nf8 30. Rh3 Ng6 31. g3 Bc7 32. Ne4 Be5 33. Nf2 Bd6 34. Ng4 Be7 35. c4 Bd6 36. Nf6 Be5 37. Ne4 Bg7 38. Bd2 Bd4 39. Bc3 e5 40. Rh6 Kb7 41. Nd6+ Ka6 42. Nf7 Rf8 43. Rxh7 e4 44. Nd6 Rf2+ 45. Kb3 Bxc3 46. Nb5 Bg7 47. Rxg7 Rf3+ 48. Ka2 Ka5 49. Rxg6 Rxg3 50. Nc3 Kb4 51. Rxb6+ Kxc4 52. Nxe4 Rg4 53. Nd6+ Kd5 54. Nf7 Rxa4+ 55. Kb3 1-0

[Event "Lesa op"]
[Site "Lesa"]
[Date "2024.05.04"]
[Round "3"]
[White "Boschetti, Claudio"]
[Black "Qendro, Llambi"]
[Result "0-1"]
[WhiteElo "2057"]
[BlackElo "2281"]
[PlyCount "120"]
[EventDate "2024.05.03"]
[EventType "swiss"]
[EventRounds "5"]
[EventCountry "SUI"]
[SourceTitle "CBM 220 Extra"]
[Source "ChessBase"]
[SourceDate "2024.07.31"]
[SourceVersion "1"]
[SourceVersionDate "2024.07.31"]
[SourceQuality "1"]

1. e4 g6 2. d4 Bg7 3. Nc3 c6 4. Nf3 d6 5. h3 Nf6 6. Bd3 0-0 7. 0-0 Qc7 8. Be3 Nbd7 9. Qd2 e5 10. Rfe1 Re8 11. dxe5 dxe5 12. a4 Nf8 13. Nh2 Nh5 14. Ng4 Nf4 15. f3 Bxg4 16. hxg4 Red8 17. g3 Nxd3 18. cxd3 Ne6 19. Kg2 Rd7 20. Rad1 Rad8 21. Qc2 Bf8 22. Rf1 Bc5 23. Bxc5 Nxc5 24. Rf2 Nxd3 25. Nd5 Rxd5 26. exd5 Nxf2 27. Qxf2 cxd5 28. Qd2 Qe7 29. Qd3 Qd7 30. Re1 Re8 31. b3 Qc6 32. g5 e4 33. fxe4 dxe4 34. Qe3 Qd5 35. Re2 a6 36. Rd2 Qe6 37. Rd4 Qg4 38. Rd2 Rc8 39. Re2 Qf3+ 40. Qxf3 exf3+ 41. Kxf3 Rc3+ 42. Re3 Rxe3+ 43. Kxe3 f6 44. gxf6 Kf7 45. Kd4 h5 46. b4 g5 47. Kc5 h4 48. gxh4 gxh4 49. b5 axb5 50. axb5 h3 51. Kb6 h2 52. Kxb7 h1Q+ 53. Ka7 Qd5 54. b6 Qa5+ 55. Kb7 Kxf6 56. Kc6 Ke7 57. Kc7 Qc5+ 58. Kb7 Kd7 59. Ka8 Qd5+ 60. Kb8 Kc6 0-1

[Event "Lesa op"]
[Site "Lesa"]
[Date "2024.05.03"]
[Round "1"]
[White "Papa, Angelo"]
[Black "Boschetti, Claudio"]
[Result "0-1"]
[WhiteElo "1756"]
[BlackElo "2057"]
[PlyCount "60"]
[EventDate "2024.05.03"]
[EventType "swiss"]
[EventRounds "5"]
[EventCountry "SUI"]
[SourceTitle "CBM 220 Extra"]
[Source "ChessBase"]
[SourceDate "2024.07.31"]
[SourceVersion "1"]
[SourceVersionDate "2024.07.31"]
[SourceQuality "1"]

1. d4 Nf6 2. Nc3 d5 3. Bf4 c6 4. e3 Bf5 5. f3 e6 6. g4 Bg6 7. h4 h6 8. h5 Bh7 9. Bd3 Bd6 10. Bxh7 Nxh7 11. Qd3 Bxf4 12. exf4 Nd7 13. Nge2 a6 14. 0-0-0 Qc7 15. Rde1 0-0-0 16. Rhg1 c5 17. g5 c4 18. Qd2 hxg5 19. fxg5 Nhf8 20. h6 gxh6 21. gxh6 Ng6 22. Qg5 b5 23. f4 b4 24. Nb1 Ngf8 25. Qg7 Rh7 26. Qg5 Nb6 27. f5 Kb7 28. Nf4 f6 29. Qxf6 Qxf4+ 30. Nd2 c3 0-1

[Event "Basel Carnival op"]
[Site "Basel"]
[Date "2024.02.04"]
[Round "5"]
[White "Stojanovic, Mihajlo"]
[Black "Boschetti, Claudio"]
[Result "1-0"]
[WhiteElo "2477"]
[BlackElo "2054"]
[PlyCount "79"]
[EventDate "2024.02.02"]
[EventType "swiss"]
[EventRounds "5"]
[EventCountry "SUI"]
[SourceTitle "CBM 218 Extra"]
[Source "ChessBase"]
[SourceDate "2024.03.31"]
[SourceVersion "1"]
[SourceVersionDate "2024.03.31"]
[SourceQuality "1"]

1. d4 Nf6 2. Nf3 c5 3. c4 d6 4. Nc3 b6 5. d5 Nbd7 6. e4 g6 7. Be2 Bg7 8. Bf4 a6 9. a4 Nh5 10. Bg5 h6 11. Be3 Nf8 12. Nd2 Bxc3 13. bxc3 Ng7 14. f4 Nd7 15. a5 f5 16. g4 fxe4 17. Nxe4 Nf6 18. Nf2 Kf7 19. h3 b5 20. Qb1 bxc4 21. Bxc4 Bd7 22. Bd3 Nxd5 23. Bxg6+ Kf8 24. Bd2 Rb8 25. Qd3 Bc6 26. Be4 e6 27. f5 c4 28. Qxc4 Bb5 29. Qd4 Nf6 30. c4 e5 31. Qd3 Be8 32. Bg2 Bf7 33. 0-0 Qc7 34. Rfc1 Ke7 35. Be3 Rb4 36. Bb6 Qc8 37. c5 d5 38. Qc3 Rxb6 39. axb6 d4 40. Qe1 1-0

[Event "Schaffhausen op"]
[Site "Schaffhausen"]
[Date "2024.01.14"]
[Round "5"]
[White "Boschetti, Claudio"]
[Black "Chennaoui, Yasin"]
[Result "1/2-1/2"]
[WhiteElo "2045"]
[BlackElo "2132"]
[PlyCount "43"]
[EventDate "2024.01.12"]
[EventType "swiss"]
[EventRounds "5"]
[EventCountry "SUI"]
[SourceTitle "CBM 218 Extra"]
[Source "ChessBase"]
[SourceDate "2024.03.31"]
[SourceVersion "1"]
[SourceVersionDate "2024.03.31"]
[SourceQuality "1"]

1. e4 e6 2. d4 d5 3. e5 c5 4. c3 Nc6 5. Nf3 Nge7 6. Bd3 cxd4 7. cxd4 Nf5 8. Bxf5 exf5 9. 0-0 Be6 10. Nc3 Be7 11. Qb3 Qd7 12. Rd1 h6 13. h4 0-0 14. Ne2 Qd8 15. g3 Rc8 16. Nf4 Qb6 17. Qe3 Nb4 18. Qb3 Nc6 19. Qe3 Nb4 20. Qc3 Nc6 21. Qe3 Nb4 22. Qb3 1/2-1/2

[Event "Schaffhausen op"]
[Site "Schaffhausen"]
[Date "2024.01.13"]
[Round "2"]
[White "Tahedl, Milo"]
[Black "Boschetti, Claudio"]
[Result "0-1"]
[WhiteElo "1561"]
[BlackElo "2045"]
[PlyCount "68"]
[EventDate "2024.01.12"]
[EventType "swiss"]
[EventRounds "5"]
[EventCountry "SUI"]
[SourceTitle "CBM 218 Extra"]
[Source "ChessBase"]
[SourceDate "2024.03.31"]
[SourceVersion "1"]
[SourceVersionDate "2024.03.31"]
[SourceQuality "1"]

1. d4 g6 2. c4 Bg7 3. Nc3 c5 4. d5 d6 5. e4 Nf6 6. Be2 0-0 7. h3 e6 8. Nf3 e5 9. 0-0 Nh5 10. Re1 Nf4 11. Bf1 g5 12. g4 Qf6 13. Bxf4 gxf4 14. Nd2 a6 15. a4 a5 16. f3 Na6 17. b3 h5 18. Re2 hxg4 19. hxg4 Bh6 20. Rh2 Kg7 21. Ra2 Bd7 22. Ndb1 Rh8 23. Rag2 Bg5 24. Na3 Rag8 25. Qd2 Nb4 26. Nc2 Bh4 27. Ne2 Kf8 28. Nxb4 axb4 29. Rh3 Ke7 30. Rgh2 Bxg4 31. fxg4 f3 32. Kh1 Rxg4 33. Ng1 Rhg8 34. Qe3 Qf4 0-1

[Event "Lugano op"]
[Site "Lugano"]
[Date "2023.12.10"]
[Round "5"]
[White "Boschetti, Claudio"]
[Black "Fanin, Erik"]
[Result "1-0"]
[WhiteElo "2059"]
[BlackElo "1872"]
[PlyCount "109"]
[EventDate "2023.12.09"]
[EventType "swiss"]
[EventRounds "5"]
[EventCountry "SUI"]
[SourceTitle "CBM 217 Extra"]
[Source "ChessBase"]
[SourceDate "2024.01.31"]
[SourceVersion "1"]
[SourceVersionDate "2024.01.31"]
[SourceQuality "1"]

1. e4 c6 2. Nf3 d5 3. Nc3 dxe4 4. Nxe4 Nf6 5. Ng3 Nbd7 6. d4 e6 7. Bd3 Bd6 8. Qe2 0-0 9. c3 c5 10. 0-0 Qc7 11. Ne4 Be7 12. Bg5 Nd5 13. Bxe7 Nxe7 14. Neg5 Ng6 15. Bxg6 hxg6 16. Rad1 Nf6 17. Ne5 b6 18. f4 Bb7 19. Nxg6 fxg6 20. Qxe6+ Rf7 21. d5 Re8 22. Qxf7+ Qxf7 23. Nxf7 Kxf7 24. c4 b5 25. b3 bxc4 26. bxc4 Ba6 27. f5 Bxc4 28. Rf4 Bxd5 29. fxg6+ Ke6 30. Ra4 Ra8 31. Ra6+ Ke5 32. h3 Ne4 33. h4 c4 34. Ra5 Nf6 35. g4 Rd8 36. Rxa7 Rd7 37. Rxd7 Nxd7 38. Kf2 c3 39. Ke3 Nf6 40. Kd3 Ne4 41. Re1 Kf4 42. Kd4 Bc6 43. h5 Kg5 44. a4 Nf6 45. Kxc3 Bxa4 46. Re5+ Kxg4 47. h6 gxh6 48. g7 h5 49. Re1 Ng8 50. Re4+ Kg3 51. Rxa4 h4 52. Ra8 Ne7 53. Re8 Nd5+ 54. Kd4 Nf6 55. Rf8 1-0

[Event "Porto Ceresio op 2nd"]
[Site "Porto Ceresio"]
[Date "2023.10.14"]
[Round "2"]
[White "Boschetti, Claudio"]
[Black "Frattini, Andrea"]
[Result "1-0"]
[WhiteElo "2058"]
[BlackElo "1691"]
[PlyCount "68"]
[EventDate "2023.10.13"]
[EventType "swiss"]
[EventRounds "5"]
[EventCountry "ITA"]
[SourceTitle "EXT 2025"]
[Source "ChessBase"]
[SourceDate "2024.10.14"]
[SourceVersion "1"]
[SourceVersionDate "2024.10.14"]
[SourceQuality "1"]

1. e4 e5 2. Bc4 Nf6 3. d4 exd4 4. Nf3 Bc5 5. 0-0 d6 6. Nxd4 h6 7. Nb3 Bb6 8. Nc3 Bd7 9. a4 a6 10. a5 Ba7 11. h3 0-0 12. Kh1 Bc6 13. f3 Nh5 14. Qe1 Nd7 15. g4 Nhf6 16. Qg3 Ne5 17. Be2 Qd7 18. Rd1 Rae8 19. Nd4 Bxd4 20. Rxd4 Qe6 21. Kh2 d5 22. f4 Ned7 23. e5 Ne4 24. Nxe4 dxe4 25. Bc4 Qe7 26. b4 Kh8 27. Ba3 Bb5 28. Bb3 Rd8 29. Rxe4 c5 30. Qc3 Qh4 31. Qe1 Qe7 32. Bd5 Rfe8 33. c4 cxb4 34. Bxb4 Qxb4 1-0

[Event "Davos Summer op"]
[Site "Davos"]
[Date "2023.08.05"]
[Round "2"]
[White "Neuberger, Guido"]
[Black "Boschetti, Claudio"]
[Result "1/2-1/2"]
[WhiteElo "2169"]
[BlackElo "2016"]
[PlyCount "127"]
[EventDate "2023.08.04"]
[EventType "swiss"]
[EventRounds "5"]
[EventCountry "SUI"]
[SourceTitle "EXT 2024"]
[Source "ChessBase"]
[SourceDate "2023.10.10"]
[SourceVersion "1"]
[SourceVersionDate "2023.10.10"]
[SourceQuality "1"]

1. d4 Nf6 2. Bf4 d5 3. e3 g6 4. c4 c6 5. Nc3 Bg7 6. cxd5 cxd5 7. Bxb8 Rxb8 8. Qa4+ Bd7 9. Qxa7 0-0 10. Qa3 b5 11. Qb3 Qa5 12. f3 b4 13. Nd1 Rfc8 14. Ne2 e5 15. dxe5 Ba4 16. Qd3 Nd7 17. f4 Nc5 18. Qb1 Bc2 19. Qxc2 b3+ 20. Qc3 Nd3+ 21. Kd2 Rxc3 22. Nexc3 Nxf4 23. exf4 d4 24. Bd3 dxc3+ 25. Nxc3 Bh6 26. g3 Qxe5 27. axb3 Qd4 28. Rhe1 Rd8 29. Re3 Bf8 30. Rae1 Kg7 31. Kc2 Bc5 32. Rf3 f5 33. Rd1 Qf6 34. Bc4 Rxd1 35. Nxd1 Bg1 36. h4 Qc6 37. Rd3 Bh2 38. Ne3 Bxg3 39. Nxf5+ gxf5 40. Rxg3+ Kf6 41. Re3 Qg2+ 42. Kc3 Qf2 43. Re6+ Kg7 44. h5 Qf3+ 45. Bd3 Qxf4 46. h6+ Kf8 47. Rf6+ Ke7 48. Rxf5 Qxh6 49. b4 Qc1+ 50. Kb3 Qe3 51. Kc2 h6 52. Rc5 Kd6 53. Rc3 h5 54. Kb3 h4 55. Bf5 Qe2 56. Rd3+ Ke5 57. Bh7 Qf2 58. Bg8 Ke4 59. Rc3 Ke5 60. Rc5+ Kd6 61. Rd5+ Kc7 62. Rc5+ Kd6 63. Rd5+ Kc7 64. Rc5+ 1/2-1/2

[Event "Davos op"]
[Site "Davos"]
[Date "2023.07.02"]
[Round "4"]
[White "Boschetti, Claudio"]
[Black "Carre, Sylvain"]
[Result "0-1"]
[WhiteElo "2000"]
[BlackElo "2077"]
[PlyCount "120"]
[EventDate "2023.06.30"]
[EventType "swiss"]
[EventRounds "5"]
[EventCountry "SUI"]
[SourceTitle "EXT 2024"]
[Source "ChessBase"]
[SourceDate "2023.10.10"]
[SourceVersion "1"]
[SourceVersionDate "2023.10.10"]
[SourceQuality "1"]

1. e4 c6 2. Nf3 g6 3. d4 d5 4. Nc3 Bg7 5. h3 dxe4 6. Nxe4 Nf6 7. Nxf6+ exf6 8. Bc4 0-0 9. 0-0 Nd7 10. a4 a5 11. Re1 Nb6 12. Bb3 Nd5 13. c3 Bf5 14. Nh4 Be6 15. Nf3 Qd6 16. Bd2 Rad8 17. c4 Nb4 18. Be3 Rfe8 19. Qd2 Qf8 20. Rad1 b5 21. Qc3 bxc4 22. Bxc4 Bxc4 23. Qxc4 Qd6 24. Bd2 Rxe1+ 25. Rxe1 Rb8 26. Re4 f5 27. Re2 Qd5 28. Qxd5 cxd5 29. Bc3 Nc6 30. Kf1 h6 31. Ke1 g5 32. Rd2 Re8+ 33. Kd1 Re4 34. Rd3 g4 35. hxg4 fxg4 36. Ne5 Bxe5 37. dxe5 d4 38. Bd2 h5 39. Rb3 Rxe5 40. Rb5 h4 41. Bf4 f6 42. Bxe5 Nxe5 43. Ke1 d3 44. Rd5 Kf7 45. Kf1 Ke6 46. Rd4 Kf5 47. f4 gxf3 48. gxf3 h3 49. Kf2 h2 50. Rh4 d2 51. Ke2 Nxf3 52. Rh8 Kg4 53. Rxh2 Nxh2 54. Kxd2 Nf3+ 55. Kc3 Ne5 56. b4 axb4+ 57. Kxb4 Kf5 58. Kb5 Ke6 59. a5 Kd5 60. a6 Nc6 0-1

[Event "Davos op"]
[Site "Davos"]
[Date "2023.07.01"]
[Round "2"]
[White "Mueller, Magnus"]
[Black "Boschetti, Claudio"]
[Result "0-1"]
[WhiteElo "2210"]
[BlackElo "2000"]
[PlyCount "92"]
[EventDate "2023.06.30"]
[EventType "swiss"]
[EventRounds "5"]
[EventCountry "SUI"]
[SourceTitle "EXT 2024"]
[Source "ChessBase"]
[SourceDate "2023.10.10"]
[SourceVersion "1"]
[SourceVersionDate "2023.10.10"]
[SourceQuality "1"]

1. e4 e5 2. Nf3 Nc6 3. Bc4 Bc5 4. b4 Bxb4 5. c3 Be7 6. d4 Bf6 7. dxe5 Bxe5 8. Bxf7+ Kxf7 9. Qd5+ Kf8 10. Nxe5 Nxe5 11. Qxe5 d6 12. Qd4 Qf6 13. Qd3 Bd7 14. Nd2 Bc6 15. 0-0 Qg6 16. f3 Nf6 17. c4 h5 18. Nb3 h4 19. Qe3 Kf7 20. Qf4 Kg8 21. Qe3 h3 22. g3 Re8 23. Bd2 Rh5 24. Rae1 b6 25. Nd4 Bd7 26. Ne2 Qf7 27. Rc1 Rc5 28. Nf4 Rxc4 29. Rxc4 Qxc4 30. Rc1 Qa4 31. Rxc7 Qxa2 32. Qd3 Qa1+ 33. Kf2 Qh1 34. Rxd7 Qxh2+ 35. Ke1 Qxg3+ 36. Ke2 h2 37. Qc4+ Kh8 38. Qf7 Rxe4+ 39. fxe4 Qg4+ 40. Kd3 Nxd7 41. Qe8+ Kh7 42. Ne6 h1Q 43. Ng5+ Qxg5 44. Bxg5 Ne5+ 45. Kc3 Qf3+ 46. Kb2 Qg2+ 0-1

[Event "Lugano Paradiso op"]
[Site "Lugano"]
[Date "2023.05.27"]
[Round "2"]
[White "Boschetti, Claudio"]
[Black "Patuzzo, Fabrizio"]
[Result "0-1"]
[WhiteElo "1987"]
[BlackElo "2268"]
[PlyCount "55"]
[EventDate "2023.05.26"]
[EventType "swiss"]
[EventRounds "5"]
[EventCountry "SUI"]
[SourceTitle "CBM 214 Extra"]
[Source "ChessBase"]
[SourceDate "2023.07.31"]
[SourceVersion "1"]
[SourceVersionDate "2023.07.31"]
[SourceQuality "1"]

1. e4 c6 2. Nf3 d5 3. Nc3 Bg4 4. h3 Bxf3 5. Qxf3 e6 6. d3 Nd7 7. Be2 Bc5 8. Qg3 Bd4 9. 0-0 Ne7 10. Nd1 Ng6 11. c3 Bc5 12. exd5 exd5 13. d4 Bb6 14. Ne3 Bc7 15. f4 Nf6 16. Ng4 Ne4 17. Qe1 Qh4 18. Qxh4 Nxh4 19. Bd3 h5 20. Bxe4 dxe4 21. Nh2 f5 22. g3 Ng6 23. h4 Ne7 24. Be3 Nd5 25. Kf2 b5 26. Rfd1 Rd8 27. Nf1 Bd6 28. Rac1 0-1

[Event "Lesa Lago Maggiore op"]
[Site "Lesa"]
[Date "2023.05.05"]
[Round "1"]
[White "Nehan, Sanket Mehta"]
[Black "Boschetti, Claudio"]
[Result "0-1"]
[WhiteElo "1511"]
[BlackElo "1987"]
[PlyCount "140"]
[EventDate "2023.05.05"]
[EventType "swiss"]
[EventRounds "5"]
[EventCountry "ITA"]
[SourceTitle "EXT 2024"]
[Source "ChessBase"]
[SourceDate "2023.10.10"]
[SourceVersion "1"]
[SourceVersionDate "2023.10.10"]
[SourceQuality "1"]

1. e4 e5 2. Nf3 Nc6 3. Bc4 Bc5 4. c3 Nf6 5. d3 d6 6. h3 a6 7. 0-0 Ba7 8. Nbd2 0-0 9. Re1 Na5 10. Bb3 Nxb3 11. Qxb3 h6 12. Nf1 c6 13. Be3 Nh5 14. Rad1 Qf6 15. Bxa7 Rxa7 16. Qb6 Ra8 17. Qe3 Nf4 18. Ng3 h5 19. d4 h4 20. Ne2 Bxh3 21. Nxf4 exf4 22. Qd3 Bg4 23. Rd2 Qh6 24. Nh2 Bd7 25. f3 Rae8 26. Ree2 Qg5 27. c4 Re6 28. Rd1 Rg6 29. Rdd2 Qh5 30. Qb3 Bc8 31. Qb6 h3 32. Qc7 Qh4 33. Nf1 Qh5 34. Nh2 Qh4 35. Nf1 Rh6 36. Rc2 hxg2 37. Rxg2 Qh1+ 38. Kf2 Qh4+ 39. Ke2 Bh3 40. Rf2 Bxf1+ 41. Rxf1 Qg3 42. Kd1 d5 43. cxd5 cxd5 44. e5 Qh3 45. Rff2 Qh1+ 46. Ke2 Qb1 47. b3 Rh1 48. Kd3 Re1 49. Rfe2 Rf1 50. Qxb7 Rxf3+ 51. Kd2 Rf1 52. Qxa6 f3 53. Rh2 Qe1+ 54. Kd3 Qe4+ 55. Kc3 Rd1 56. Qb6 Rd3+ 57. Kb2 Rxd4 58. Qd6 Re8 59. a4 Rd1 60. a5 Qd4+ 61. Rc3 f2 62. Qd7 Rd2+ 63. Ka3 Qxe5 64. Rch3 Qb2+ 65. Ka4 Rd4+ 66. Kb5 f1Q+ 67. Kc5 Qfc1+ 68. Kb6 Rb4+ 69. Ka7 Qd4+ 70. Ka6 Ra8+ 0-1